000 00453nab a2200145Ia 4500
003 ES-SlBCS
005 20220512172143.0
008 140529s1959 xxu||||| |||| 00| 0 ita d
041 _aita
100 1 _aRaschini, Maria Adelaide
_959783
245 0 0 _aNote su Carlo Michelstaedter
_c Maria Adelaide Raschini
600 1 4 _aMichelstaedter, Carlo
_9165359
773 0 _tGiornali di Metafisica
_gvol. 14, nº. 5, 1959, págs. 658-676
_w0017-0372
942 _cAR
999 _c586855
_d586855